<?xml version="1.0" encoding="UTF-8"?>
<record
    xmlns:xsi="http://www.w3.org/2001/XMLSchema-instance"
    xsi:schemaLocation="http://www.loc.gov/MARC21/slim http://www.loc.gov/standards/marcxml/schema/MARC21slim.xsd"
    xmlns="http://www.loc.gov/MARC21/slim">

  <leader>00993nam a2200205Ia 4500</leader>
  <controlfield tag="001">IA_The potential demand for the drink is 3, 913,000 units per year in 240 ml presentations. The project had an NPV (15%) of  4, 982,315.02, an IRR of 43.2% and a benefit-cost ratio of 1.70, indicators that dictate that the project is technically feasible, economically viable, and socially and environmentally feasible.</controlfield>
  <controlfield tag="002">PLAN DE NEGOCIOS DE UNA BEBIDA FUNCIONAL ELABORADA</controlfield>
  <controlfield tag="008">220117s    xx            000 0 und d</controlfield>
  <datafield tag="010" ind1=" " ind2=" ">
    <subfield code="a">184726</subfield>
  </datafield>
  <datafield tag="530" ind1=" " ind2=" ">
    <subfield code="a">Disponible en PDF</subfield>
  </datafield>
  <datafield tag="583" ind1=" " ind2=" ">
    <subfield code="a">1 ej. imp. ; 2 ej. CD</subfield>
  </datafield>
  <datafield tag="650" ind1=" " ind2="0">
    <subfield code="a">Beverage industry</subfield>
    <subfield code="z">Mexico</subfield>
    <subfield code="9">157683</subfield>
  </datafield>
  <datafield tag="650" ind1=" " ind2=" ">
    <subfield code="a">Hibiscus sabdariffa  </subfield>
    <subfield code="9">157684</subfield>
  </datafield>
  <datafield tag="650" ind1=" " ind2="0">
    <subfield code="a">Industria de bebidas</subfield>
    <subfield code="z">M&#xE9;xico  </subfield>
    <subfield code="9">157685</subfield>
  </datafield>
  <datafield tag="700" ind1=" " ind2=" ">
    <subfield code="a">Castillo Linares, Erika Belem, asesor</subfield>
    <subfield code="9">163723</subfield>
  </datafield>
  <datafield tag="700" ind1=" " ind2=" ">
    <subfield code="a">Garc&#xED;a Ch&#xE1;vez, Luis Ramiro, dir. </subfield>
  </datafield>
  <datafield tag="700" ind1=" " ind2=" ">
    <subfield code="a">Salinas Moreno, Yolanda, asesor </subfield>
    <subfield code="9">163724</subfield>
  </datafield>
  <datafield tag="942" ind1=" " ind2=" ">
    <subfield code="c">TESIS A74 2013</subfield>
  </datafield>
  <datafield tag="999" ind1=" " ind2=" ">
    <subfield code="c">184726</subfield>
    <subfield code="d">184726</subfield>
  </datafield>
</record>
